Quan hệ thương mại của người Hoa và người Pháp ở thị trường Việt Nam nửa sau thế kỷ XIX nửa đầu thế kỷ XX
Tổng quan về người Hoa và người Pháp ở Việt Nam. Tình hình thương mại của người Hoa và người Pháp ở Việt Nam từ nửa sau thế kỷ XIX đến nửa đầu thế kỷ XX. Quan hệ thương mại của người Hoa và người Pháp và những tác động của nó tới thị trường Việt Nam từ nửa sau thế kỷ XIX đến nửa đầu thế kỷ XX...
Bewaard in:
| Hoofdauteur: | |
|---|---|
| Andere auteurs: | |
| Formaat: | Boek |
| Taal: | Vietnamese |
| Gepubliceerd in: |
Đà Nẵng
Đại học Sư phạm, Đại học Đà Nẵng
2013
|
| Onderwerpen: | |
| Tags: |
Voeg label toe
Geen labels, Wees de eerste die dit record labelt!
|
| Thư viện lưu trữ: | Mạng thư viện Đại học Đà Nẵng |
|---|
| LEADER | 02130nam a2200397 4500 | ||
|---|---|---|---|
| 001 | 000019064 | ||
| 003 | 15499 | ||
| 005 | 20140318100329.0 | ||
| 008 | 140305s2013 viesd | ||
| 041 | |a vie | ||
| 072 | |a LS | ||
| 082 | 1 | 4 | |a 382.09597 |b PH-H |
| 100 | 1 | |a Phan Thị Thúy Hằng | |
| 245 | 1 | 0 | |a Quan hệ thương mại của người Hoa và người Pháp ở thị trường Việt Nam nửa sau thế kỷ XIX nửa đầu thế kỷ XX |c Phan Thị Thúy Hằng ; Nguyễn Hữu Giang hướng dẫn |k Khóa luận tốt nghiệp |
| 260 | |a Đà Nẵng |b Đại học Sư phạm, Đại học Đà Nẵng |c 2013 | ||
| 300 | |a 68 tr. |b Hình mh. |c 29 cm. | ||
| 500 | |a Khóa luận tốt nghiệp đại học. Chuyên ngành: Sư phạm Lịch sử | ||
| 520 | |a Tổng quan về người Hoa và người Pháp ở Việt Nam. Tình hình thương mại của người Hoa và người Pháp ở Việt Nam từ nửa sau thế kỷ XIX đến nửa đầu thế kỷ XX. Quan hệ thương mại của người Hoa và người Pháp và những tác động của nó tới thị trường Việt Nam từ nửa sau thế kỷ XIX đến nửa đầu thế kỷ XX | ||
| 650 | 0 | 4 | |a Thương mại |v Khóa luận tốt nghiệp |x Người Hoa |y Nửa sau TK XIX-nửa đầu TK XX |z Việt Nam |
| 650 | 0 | 4 | |a Thương mại |v Khóa luận tốt nghiệp |x Người Pháp |y Nửa sau TK XIX-nửa đầu TK XX |z Việt Nam |
| 653 | |a Quan hệ thương mại | ||
| 653 | |a Khoa Lịch sử | ||
| 653 | |a Người Hoa | ||
| 653 | |a Người Pháp | ||
| 653 | |a Ngoại thương | ||
| 700 | 1 | |a Nguyễn Hữu Giang |e Hướng dẫn | |
| OWN | |a LSP | ||
| AVA | |a UDN50 |b LSP |d 382.09597 PH-H |e available |t Error 5001 Not defined in file expand_doc_bib_avail. |f 1 |g 0 |h N |i 0 |k 1 | ||
| 999 | |a From the UDN01 | ||
| AVA | |a UDN50 |b LSP |d 382.09597 PH-H |e available |t Error 5001 Not defined in file expand_doc_bib_avail. |f 1 |g 0 |h N |i 0 |k 1 | ||
| TYP | |a Monograph | ||
| TYP | |a Printed language | ||
| 980 | |a Mạng thư viện Đại học Đà Nẵng | ||